000 01043aab a2200193 i 4500
001 768714001
003 CO-MdFUSB
005 20240422145228.0
008 221109s1997 ag ||||| |||| 00| 0 spa d
040 _bspa
_cCO-MdFUSB
_dCO-MdFUSB
041 _aspa
100 1 _aAtiencia, Jorge
_eautor
245 1 3 _aLa capacitación de líderes siervos
_c/ Jorge Atiencia
300 _aVolumen 17, número 1 (enero - marzo, 1998), páginas: 13 - 15
_c; 27 cm
520 _aEn este momento la capacitación se nutre y surge a partir del concepto de equipo, que capitaliza diversidad de disciplinas, matices de fe, experiencias nacionales y subregionales. La obra ha crecido; en consecuencia, también han crecido los recursos y la experiencia. La fe y la universidad condujeron a la utilización de células de estudio Bíblico como órgano y espacio para compartir el evangelio.
650 0 _92014
_aLiderazgo
773 0 _tIglesia y Misión
_049402
_959635
_gVolumen 17, número 1 (enero - marzo, 1998), páginas: 13 - 15
_qPáginas: 13
942 _cANA
999 _c52279
_d52279